000 00580cam a22002411 4500
001 sa 66003399
003 DLC
005 20260227112235.0
008 891228s1965 ii 000 0 hino
010 _asa 66003399
035 _a(OCoLC)20833200
040 _aDLC
_cWaU
_dDLC
042 _apremarc
043 _aa-ii---
050 0 0 _aPK1931
_b.S45
100 1 _aŚarmā, Rāmavilāsa.
245 1 0 _aRāshṭrabhāshā kī samasyā.
260 _c[1965]
300 _a319 p.
_c23 cm.
500 _aIn Hindi.
650 0 _aHindi language.
651 0 _aIndia
_xLanguages.
999 _c68868
_d68868